Music Quiz

Random Music or Clickable Quiz

'A' Albums by 3 Singles Quiz Stats

 Plays Quiz Updated Oct 21, 2018

Score 0/24 Timer 05:00
46 Plays Today
% Correct
Arrival (ABBA)
92.7%
Appetite for Destruction (Guns N Roses)
90.3%
Abbey Road (The Beatles)
89.9%
American Pie (Don McLean)
88.2%
American Idiot (Green Day)
85.3%
Automatic for the People (R.E.M)
81.8%
All That You Can't Leave Behind (U2)
79.7%
Abraxas (Santana)
79.5%
Aerosmith (Aerosmith)
74.3%
American Fool (John Mellencamp)
72.8%
Alive! (Kiss)
71%
Astro Lounge (Smash Mouth)
70.1%
% Correct
All Things Must Pass (George Harrison)
68.4%
All Eyez on Me (2Pac)
64.4%
All the Right Reasons (Nickelback)
63.3%
...And Justice for All (Metallica)
59.9%
Anti (Rihanna)
54.2%
Armed Forces (Elvis Costello and the Attractions)
51.5%
ARTPOP (Lady Gaga)
50.3%
American Beauty (Grateful Dead)
49.2%
Aja (Steely Dan)
47.7%
AM (Arctic Monkeys)
44.4%
Aladdin Sane (David Bowie)
36.5%
Away from the World (Dave Matthews Band)
24.1%

You're not logged in!

Compare scores with friends on all Sporcle quizzes.
OR
Log In

Show Comments

Extras

Top Quizzes Today


Score Distribution

Your Account Isn't Verified!

In order to create a playlist on Sporcle, you need to verify the email address you used during registration. Go to your Sporcle Settings to finish the process.

Report this User

Report this user for behavior that violates our Community Guidelines.

Details: